Structural policies and growth: a non technical overview

Gespeichert in:
Bibliographische Detailangaben
1. Verfasser: DeSerres, Alain
Format: Buch
Sprache:Englisch
Veröffentlicht: Paris OECD 2003
Schriftenreihe:Economics department working papers No. 355
Schlagworte:
Tags: Tag hinzufügen
Keine Tags, Fügen Sie das erste Tag hinzu!

MARC

LEADER 00000nam a2200000 4500
001 0024795
005 20240223110435.7
041 0 |a eng 
044 |a FR 
245 1 0 |a Structural policies and growth: a non technical overview  |c by Alain de Serres 
264 1 |a Paris  |b OECD  |c 2003 
300 |a 51 s. 
490 1 |a Economics department working papers  |v No. 355 
830 0 |a Economics department working papers  |v No. 355 
610 2 0 |a politika štruktúrna 
610 2 0 |a rast hospodársky 
610 2 0 |a zdroje pracovné 
610 2 0 |a systémy daňové 
610 2 0 |a regulácia 
610 2 0 |a kapitál 
610 2 0 |a kapitál ľudský 
610 2 0 |a pokrok technologický 
610 2 0 |a trh výrobkov 
100 1 |a DeSerres, Alain